000 00483nam a2200169 4500
001 344
005 20181127161334.0
020 0 0 _a0333910168
090 0 0 _a414.8 B1718t 2008
100 0 0 _aBalasubramanian, T.
245 0 0 _aA textbook of english phonetics for Indian students /
_b
_cT. Balasubramanian.
_h
260 0 0 _aDelhi :
_bMacmillan,
_c2008.
300 0 0 _a207 p.
650 0 0 _aEnglish language --Phonetics.
_x
650 0 0 _aEnglish language --Phonology.
_x
650 0 0 _aPhonetics.
_x
999 _c302
_d302